| 000 | 01272cam a2200301 a 4500 | ||
|---|---|---|---|
| 999 |
_c27323 _d27323 |
||
| 001 | 12528481 | ||
| 005 | 20170208095044.0 | ||
| 008 | 010907s2002 nyua b 001 0 eng | ||
| 010 | _a 2001276491 | ||
| 020 | _a0471435708 | ||
| 020 | _a0471230634 (cover) | ||
| 050 | 0 | 0 | _aHD31 .S3325 2002 |
| 082 | 0 | 0 |
_a658 _221 |
| 100 | 1 | _aSchermerhorn, John R. | |
| 245 | 1 | 0 |
_aManagement / _cJohn R. Schermerhorn, Jr. |
| 250 | _a7th ed. | ||
| 260 |
_aNew York : _bWiley, _cc2002. |
||
| 300 |
_a1 v. (various pagings) : _bcol. ill. ; _c29 cm. |
||
| 500 | _aVarious multi-media instructional aids, including Web sites, available to support the text. | ||
| 504 | _aIncludes bibliographical references (p. [EN-[1] to EN-24) and indexes. | ||
| 650 | 0 | _aManagement. | |
| 856 | 4 | 2 |
_3Publisher description _uhttp://www.loc.gov/catdir/description/wiley036/2001276491.html |
| 856 | 4 | 1 |
_3Table of contents only _uhttp://www.loc.gov/catdir/toc/wiley021/2001276491.html |
| 856 | 4 | 2 |
_3Contributor biographical information _uhttp://www.loc.gov/catdir/enhancements/fy0611/2001276491-b.html |
| 942 |
_2lcc _cBOOKS |
||